00434 2200169 4500001002100000005001500021008004100036035001900077041000700096082001000103090001600113100001600129245003400145260003800179300001800217650002900235INLIS00000000001570520241224115002241224||||||||| | ||| |||| || |  0010-1224015705 aid0 a628.3 a628.3 SET l0 aA. Setiawan00aLingkungan Bersih Tubuh Sehat aBandungbAcarya Media Utamac2007 a51hlm;18x25cm 0aIlmu Teknik (Enjiniring)